Supporting dyslexic pupils 7-14 across the curriculum /

Bibliographic Details
Main Author: Raymond, Sally
Format: Book
Language:English
Published: London : David Fulton, 2001.
Series:Dragonfly worksheets.
Subjects:

MARC

Tag First Indicator Second Indicator Subfields
LEADER 00000cam a2200000 a 4500
001 in00001637421
005 20151023062722.0
008 010529s2001 enk 001 0 eng
015 |a GBA1-Z4100 
020 |a 185346774X 
035 |a (OCoLC)ocm45854554 
040 |a UKM  |c UKM  |d AZS  |d TXA  |d UtOrBLW 
049 |a TXAM 
082 0 |a 371.9144  |2 21 
090 |a LC4710.G7  |b R396 2001 
100 1 |a Raymond, Sally. 
245 1 0 |a Supporting dyslexic pupils 7-14 across the curriculum /  |c Sally Raymond. 
264 1 |a London :  |b David Fulton,  |c 2001. 
300 |a v, 121 pages ;  |c 30 cm. 
336 |a text  |b txt  |2 rdacontent 
337 |a unmediated  |b n  |2 rdamedia 
338 |a volume  |b nc  |2 rdacarrier 
490 1 |a Dragonfly worksheets 
650 0 |a Dyslexic children  |x Education  |z Great Britain. 
830 0 |a Dragonfly worksheets. 
994 |a E0  |b TXA 
948 |a cataloged  |b h  |c 2001/8/13  |d c  |e jlanham  |f 4:53:33 pm 
999 |a MARS 
999 f f |s d92ac19b-33d4-3265-b9de-e05b559e3fb8  |i e3ea163e-2be7-3009-9064-fac3b876f4a4  |t 0 
952 f f |p normal  |a Texas A&M University  |b College Station  |c Sterling C. Evans Library  |d Evans: Library Stacks  |t 0  |e LC4710.G7 R396 2001  |h Library of Congress classification  |i unmediated -- volume  |m A14827756360 
998 f f |a LC4710.G7 R396 2001  |t 0  |l Evans: Library Stacks